00000000nam##2200000za#4500
0019.694989
003CaOODSP
00520210624234353
007cr |||||||||||
008150407|2001||||xxc|||||o    f|0| 0 eng|d
040 |aCaOODSP|beng
043 |an-cn---
0861 |aD82-60/2001E-PDF
1101 |aCanada.|bEmergency Preparedness Canada.
24510|aNatural hazards of Canada : |h[electronic resource]|ba historical mapping of significant natural disasters
260 |aOttawa - Ontario : |bEmergency Preparedness Canada |c[2001].
300 |a1p.|bcoloured illus., coloured map
590 |a11-17-Supp|b2011-09-12
69007|aFloods|2gcpds
69007|aEarthquakes|2gcpds
69007|aStorms|2gcpds
69007|aLandslides|2gcpds
77508|tLes catastrophes naturelles du Canada : |w(CaOODSP)9.639150
7760#|tNatural hazards of Canada : |w(CaOODSP)9.648122
85640|ahttp://publications.gc.ca|qPDF|s746 KB|uhttps://publications.gc.ca/collections/collection_2011/sp-ps/D82-60-2001-eng.pdf